[Event "African Online-ch Women 2021"]
[Site "Online"]
[Date "2021.02.01"]
[Round "2.12"]
[White "Ndirangu, Joyce Nyaruai"]
[Black "Jambo, Linda"]
[Result "1-0"]
[WhiteElo "1659"]
[BlackElo "1478"]
[Annotator "NA RC"]
[PlyCount "115"]
[EventDate "2021.02.01"]
[EventType "swiss"]
[EventCountry "NET"]
[SourceTitle "playchess.com"]
[Source "ChessBase"]
[SourceQuality "1"]
[TimeControl "1500+10"]

1. d4 {[%emt 0:00:00]} Nf6 {[%emt 0:00:18]} 2. Nf3 {[%emt 0:00:08]} d5 {[%emt 0:00:07]} 3. Bf4 {[%emt 0:00:04]} Bg4 {[%emt 0:00:09]} 4. e3 {[%emt 0:00:05]} e6 {[%emt 0:00:13]} 5. Nbd2 {[%emt 0:00:08]} Bd6 {[%emt 0:00:11]} 6. Bg5 {[%emt 0:00:40]} h6 {[%emt 0:00:17]} 7. Bh4 {[%emt 0:00:04]} g5 {[%emt 0:01:26]} 8. Bg3 {[%emt 0:00:06]} Bxg3 {[%emt 0:00:04]} 9. hxg3 {[%emt 0:00:03]} a6 {[%emt 0:01:03]} 10. Be2 {[%emt 0:00:22]} Bxf3 {[%emt 0:00:18]} 11. Nxf3 {[%emt 0:00:13]} Ne4 {[%emt 0:00:51]} 12. c3 {[%emt 0:00:48]} Qf6 {[%emt 0:01:16]} 13. Bd3 {[%emt 0:00:51]} Nc6 {[%emt 0:01:54]} 14. Qc2 {[%emt 0:00:35]} Nd6 {[%emt 0:00:31]} 15. g4 {[%emt 0:01:16]} O-O-O {[%emt 0:01:25]} 16. O-O-O {[%emt 0:00:18]} Na5 {[%emt 0:02:35]} 17. Rh5 {[%emt 0:02:18]} Nac4 {[%emt 0:02:08]} 18. b3 {[%emt 0:00:21]} Na3 {[%emt 0:00:27]} 19. Qb2 {[%emt 0:00:09]} Nab5 {[%emt 0:00:14]} 20. c4 {[%emt 0:02:36]} dxc4 {[%emt 0:00:40]} 21. bxc4 {[%emt 0:00:03]} Na7 {[%emt 0:00:41]} 22. c5 {[%emt 0:00:10]} Ne8 {[%emt 0:01:07]} 23. Be4 {[%emt 0:00:07]} c6 {[%emt 0:00:16]} 24. Qb6 {[%emt 0:01:54]} Nb5 {[%emt 0:00:25]} 25. Rd2 {[%emt 0:00:52]} Qe7 {[%emt 0:01:01]} 26. a4 {[%emt 0:00:06]} Nc3 {[%emt 0:01:09]} 27. Bxc6 {[%emt 0:04:26]} bxc6 {[%emt 0:00:27]} 28. Qxc6+ {[%emt 0:00:03]} Qc7 {[%emt 0:00:27]} 29. Qxa6+ {[%emt 0:00:17]} Qb7 {[%emt 0:00:11]} 30. Qxb7+ {[%emt 0:00:06]} Kxb7 {[%emt 0:00:04]} 31. Rb2+ {[%emt 0:00:04]} Ka7 {[%emt 0:01:31]} 32. Ne5 {[%emt 0:00:09]} Rc8 {[%emt 0:02:24]} 33. Nxf7 {[%emt 0:02:07]} Rh7 {[%emt 0:00:07]} 34. Nxg5 {[%emt 0:00:03]} Rb7 {[%emt 0:00:07]} 35. Rxb7+ {[%emt 0:00:08]} Kxb7 {[%emt 0:00:05]} 36. Rxh6 {[%emt 0:00:01]} Nxa4 {[%emt 0:00:04]} 37. Nxe6 {[%emt 0:00:05]} Ra8 {[%emt 0:00:41]} 38. Kc2 {[%emt 0:00:43]} Nc7 {[%emt 0:00:10]} 39. Rh7 {[%emt 0:00:04]} Rc8 {[%emt 0:00:31]} 40. d5 {[%emt 0:00:12]} Nxc5 {[%emt 0:00:27]} 41. Nxc5+ {[%emt 0:00:04]} Kb6 {[%emt 0:00:04]} 42. Nd7+ {[%emt 0:00:12]} Kb5 {[%emt 0:00:32]} 43. d6 {[%emt 0:00:07]} Nd5+ {[%emt 0:00:13]} 44. Kd3 {[%emt 0:00:03]} Nb4+ {[%emt 0:00:39]} 45. Ke4 {[%emt 0:00:13]} Rc4+ {[%emt 0:00:15]} 46. Kf5 {[%emt 0:00:08]} Rc6 {[%emt 0:00:12]} 47. Ke6 {[%emt 0:00:34]} Nd3 {[%emt 0:00:29]} 48. f4 {[%emt 0:00:08]} Nc5+ {[%emt 0:00:04]} 49. Nxc5 {[%emt 0:00:03]} Rxc5 {[%emt 0:00:02]} 50. d7 {[%emt 0:00:08]} Rc6+ {[%emt 0:00:06]} 51. Kf5 {[%emt 0:00:16]} Rc5+ {[%emt 0:00:04]} 52. Ke4 {[%emt 0:00:04]} Rc7 {[%emt 0:00:10]} 53. Rh5+ {[%emt 0:00:03]} Kc6 {[%emt 0:00:03]} 54. d8=Q {[%emt 0:00:03]} Kb6 {[%emt 0:00:04]} 55. Rh7 {[%emt 0:00:08]} Kc6 {[%emt 0:00:19]} 56. Rxc7+ {[%emt 0:00:04]} Kb5 {[%emt 0:00:06]} 57. Qb8+ {[%emt 0:00:08]} Ka5 {[%emt 0:00:06]} 58. Ra7# {[%emt 0:00:02]} 1-0

[Event "African Online-ch Women 2021"]
[Site "Online"]
[Date "2021.02.01"]
[Round "2.13"]
[White "Malehloa, Likhomo"]
[Black "Sitoe, Cheila Andre"]
[Result "1-0"]
[WhiteElo "1331"]
[BlackElo "1588"]
[Annotator "NA RC"]
[PlyCount "95"]
[EventDate "2021.02.01"]
[EventType "swiss"]
[EventCountry "NET"]
[SourceTitle "playchess.com"]
[Source "ChessBase"]
[SourceQuality "1"]
[TimeControl "1500+10"]

1. d4 {[%emt 0:00:00]} Nf6 {[%emt 0:00:14]} 2. Nc3 {[%emt 0:00:13]} d5 {[%emt 0:00:51]} 3. Bf4 {[%emt 0:00:21]} Bf5 {[%emt 0:01:07]} 4. Nb5 {[%emt 0:00:20]} Na6 {[%emt 0:00:38]} 5. e3 {[%emt 0:00:15]} c6 {[%emt 0:00:11]} 6. Nc3 {[%emt 0:00:09]} e6 {[%emt 0:00:04]} 7. Nf3 {[%emt 0:00:10]} Bd6 {[%emt 0:00:07]} 8. Ne5 {[%emt 0:00:27]} O-O {[%emt 0:00:10]} 9. Bd3 {[%emt 0:00:47]} Bg6 {[%emt 0:01:25]} 10. Bxg6 {[%emt 0:00:30]} fxg6 {[%emt 0:00:10]} 11. h3 {[%emt 0:02:01]} Qc7 {[%emt 0:00:06]} 12. O-O {[%emt 0:00:28]} Nh5 {[%emt 0:00:08]} 13. Bh2 {[%emt 0:00:09]} Nb8 {[%emt 0:00:58]} 14. Qg4 {[%emt 0:00:11]} Re8 {[%emt 0:00:32]} 15. Na4 {[%emt 0:00:57]} b6 {[%emt 0:00:29]} 16. Nf3 {[%emt 0:01:11]} Bxh2+ {[%emt 0:00:36]} 17. Nxh2 {[%emt 0:00:07]} e5 {[%emt 0:00:03]} 18. dxe5 {[%emt 0:00:14]} Qxe5 {[%emt 0:00:19]} 19. Nc3 {[%emt 0:00:09]} Nf6 {[%emt 0:00:41]} 20. Qd4 {[%emt 0:00:35]} Qf5 {[%emt 0:02:22]} 21. Qd3 {[%emt 0:00:33]} Qe6 {[%emt 0:00:11]} 22. Rad1 {[%emt 0:00:11]} Nbd7 {[%emt 0:00:07]} 23. Nf3 {[%emt 0:00:14]} Nc5 {[%emt 0:00:45]} 24. Qd2 {[%emt 0:00:41]} Re7 {[%emt 0:00:48]} 25. Nd4 {[%emt 0:00:11]} Qd7 {[%emt 0:00:16]} 26. Nce2 {[%emt 0:00:59]} Rf8 {[%emt 0:00:08]} 27. Qb4 {[%emt 0:01:02]} Ref7 {[%emt 0:00:27]} 28. c4 {[%emt 0:01:37]} Nfe4 {[%emt 0:01:35]} 29. f3 {[%emt 0:00:15]} Ng5 {[%emt 0:01:14]} 30. Nf4 {[%emt 0:00:55]} Nb7 {[%emt 0:03:18]} 31. Qc3 {[%emt 0:00:27]} Re8 {[%emt 0:04:48]} 32. cxd5 {[%emt 0:00:16]} cxd5 {[%emt 0:00:12]} 33. Rde1 {[%emt 0:00:52]} Nc5 {[%emt 0:00:35]} 34. b4 {[%emt 0:00:56]} Nce6 {[%emt 0:00:53]} 35. Nfxe6 {[%emt 0:00:14]} Nxe6 {[%emt 0:00:16]} 36. Nxe6 {[%emt 0:00:10]} Qxe6 {[%emt 0:00:11]} 37. Qd4 {[%emt 0:00:08]} Rfe7 {[%emt 0:00:10]} 38. Kf2 {[%emt 0:00:06]} Qc6 {[%emt 0:00:17]} 39. Re2 {[%emt 0:00:21]} Qb5 {[%emt 0:00:15]} 40. Rd1 {[%emt 0:00:21]} Re5 {[%emt 0:00:25]} 41. a3 {[%emt 0:00:44]} g5 {[%emt 0:00:08]} 42. Rd3 {[%emt 0:00:30]} h6 {[%emt 0:02:16]} 43. g3 {[%emt 0:00:19]} Kh8 {[%emt 0:00:05]} 44. f4 {[%emt 0:00:10]} gxf4 {[%emt 0:00:25]} 45. gxf4 {[%emt 0:00:06]} Rh5 {[%emt 0:00:04]} 46. e4 {[%emt 0:01:21]} dxe4 {[%emt 0:00:06]} 47. Rxe4 {[%emt 0:00:05]} Re7 {[%emt 0:00:14]} 48. Rxe7 {[%emt 0:00:06]} 1-0

[Event "African Online-ch Women 2021"]
[Site "Online"]
[Date "2021.02.01"]
[Round "2.14"]
[White "Ben Said, Safa"]
[Black "Namangale, Susan"]
[Result "1-0"]
[WhiteElo "1577"]
[BlackElo "1344"]
[Annotator "NA RC"]
[PlyCount "77"]
[EventDate "2021.02.01"]
[EventType "swiss"]
[EventCountry "NET"]
[SourceTitle "playchess.com"]
[Source "ChessBase"]
[SourceQuality "1"]
[TimeControl "1500+10"]

1. e4 {[%emt 0:00:00]} Nc6 {[%emt 0:00:07]} 2. d4 {[%emt 0:00:25]} d6 {[%emt 0:00:25]} 3. Nf3 {[%emt 0:00:46]} g6 {[%emt 0:00:14]} 4. Bb5 {[%emt 0:00:38]} Bd7 {[%emt 0:00:09]} 5. Be3 {[%emt 0:01:56]} a6 {[%emt 0:00:29]} 6. Ba4 {[%emt 0:00:11]} Bg7 {[%emt 0:00:20]} 7. c3 {[%emt 0:00:39]} b5 {[%emt 0:00:19]} 8. Bb3 {[%emt 0:00:08]} Nf6 {[%emt 0:00:05]} 9. Nbd2 {[%emt 0:01:47]} O-O {[%emt 0:00:20]} 10. O-O {[%emt 0:00:25]} Kh8 {[%emt 0:00:41]} 11. Ng5 {[%emt 0:00:25]} e6 {[%emt 0:00:57]} 12. f4 {[%emt 0:01:59]} Na5 {[%emt 0:00:42]} 13. Bc2 {[%emt 0:00:35]} Nc4 {[%emt 0:00:25]} 14. Nxc4 {[%emt 0:00:27]} bxc4 {[%emt 0:00:05]} 15. f5 {[%emt 0:00:17]} h6 {[%emt 0:00:17]} 16. fxe6 {[%emt 0:00:06]} fxe6 {[%emt 0:00:23]} 17. Nf3 {[%emt 0:00:15]} Bc6 {[%emt 0:00:44]} 18. Nd2 {[%emt 0:00:35]} Qe8 {[%emt 0:00:50]} 19. Qe2 {[%emt 0:00:28]} d5 {[%emt 0:00:21]} 20. e5 {[%emt 0:00:23]} Ne4 {[%emt 0:00:37]} 21. Nxe4 {[%emt 0:00:05]} dxe4 {[%emt 0:00:06]} 22. Qg4 {[%emt 0:00:04]} Kh7 {[%emt 0:00:18]} 23. Bxe4 {[%emt 0:00:17]} Bxe4 {[%emt 0:00:12]} 24. Qxe4 {[%emt 0:00:03]} Rb8 {[%emt 0:00:20]} 25. Qc2 {[%emt 0:00:12]} Qe7 {[%emt 0:01:14]} 26. b3 {[%emt 0:00:15]} cxb3 {[%emt 0:01:12]} 27. axb3 {[%emt 0:00:05]} Rb6 {[%emt 0:00:39]} 28. d5 {[%emt 0:00:07]} Rb5 {[%emt 0:00:35]} 29. c4 {[%emt 0:00:29]} Rb4 {[%emt 0:00:16]} 30. Rxa6 {[%emt 0:00:10]} Rxf1+ {[%emt 0:01:44]} 31. Kxf1 {[%emt 0:00:05]} Qf7+ {[%emt 0:00:16]} 32. Kg1 {[%emt 0:00:37]} exd5 {[%emt 0:00:36]} 33. cxd5 {[%emt 0:00:09]} Bxe5 {[%emt 0:00:13]} 34. Re6 {[%emt 0:00:28]} Rb5 {[%emt 0:01:03]} 35. Rxe5 {[%emt 0:00:43]} Rb7 {[%emt 0:02:09]} 36. Bc5 {[%emt 0:00:43]} Kg8 {[%emt 0:01:13]} 37. Re6 {[%emt 0:00:27]} Rb8 {[%emt 0:01:26]} 38. Rxg6+ {[%emt 0:00:35]} Kh8 {[%emt 0:01:27]} 39. Bd4+ {[%emt 0:00:08]} 1-0

[Event "African Online-ch Women 2021"]
[Site "Online"]
[Date "2021.02.01"]
[Round "2.15"]
[White "Karania, Saloni"]
[Black "Shah, Riya"]
[Result "0-1"]
[WhiteElo "1304"]
[BlackElo "1559"]
[Annotator "NA RC"]
[PlyCount "136"]
[EventDate "2021.02.01"]
[EventType "swiss"]
[EventCountry "NET"]
[SourceTitle "playchess.com"]
[Source "ChessBase"]
[SourceQuality "1"]
[TimeControl "1500+10"]

1. d4 {[%emt 0:00:00]} g6 {[%emt 0:00:04]} 2. c4 {[%emt 0:00:19]} Bg7 {[%emt 0:00:04]} 3. Nf3 {[%emt 0:00:21]} c5 {[%emt 0:00:05]} 4. e3 {[%emt 0:00:35]} Nc6 {[%emt 0:00:56]} 5. Nc3 {[%emt 0:01:05]} Qb6 {[%emt 0:01:28]} 6. Nd5 {[%emt 0:01:37]} Qd8 {[%emt 0:00:11]} 7. Rb1 {[%emt 0:01:03]} e6 {[%emt 0:00:37]} 8. Nc3 {[%emt 0:00:19]} cxd4 {[%emt 0:00:33]} 9. exd4 {[%emt 0:00:20]} Nf6 {[%emt 0:00:54]} 10. b3 {[%emt 0:00:40]} Qa5 {[%emt 0:01:27]} 11. Bd2 {[%emt 0:01:10]} Qd8 {[%emt 0:00:50]} 12. a3 {[%emt 0:01:16]} d5 {[%emt 0:00:21]} 13. c5 {[%emt 0:01:45]} Ne4 {[%emt 0:00:13]} 14. Nxe4 {[%emt 0:00:49]} dxe4 {[%emt 0:00:04]} 15. Ng5 {[%emt 0:00:26]} Qxd4 {[%emt 0:00:31]} 16. b4 {[%emt 0:00:57]} b6 {[%emt 0:02:03]} 17. Bb5 {[%emt 0:01:03]} Bd7 {[%emt 0:00:24]} 18. O-O {[%emt 0:00:29]} O-O {[%emt 0:00:19]} 19. Qe2 {[%emt 0:01:10]} a6 {[%emt 0:03:07]} 20. Bxc6 {[%emt 0:01:59]} Bxc6 {[%emt 0:00:05]} 21. Be3 {[%emt 0:00:37]} Qd3 {[%emt 0:00:58]} 22. Qa2 {[%emt 0:00:42]} Bd5 {[%emt 0:00:23]} 23. Qd2 {[%emt 0:01:25]} Bc4 {[%emt 0:00:58]} 24. Qc1 {[%emt 0:01:08]} b5 {[%emt 0:02:54]} 25. Rd1 {[%emt 0:00:24]} Qc3 {[%emt 0:00:05]} 26. Nxe4 {[%emt 0:00:15]} Qxc1 {[%emt 0:00:05]} 27. Rbxc1 {[%emt 0:00:09]} Rad8 {[%emt 0:00:24]} 28. Nd2 {[%emt 0:01:22]} Bb2 {[%emt 0:00:18]} 29. Rb1 {[%emt 0:00:29]} Bxa3 {[%emt 0:02:20]} 30. Nxc4 {[%emt 0:00:16]} bxc4 {[%emt 0:00:03]} 31. Bg5 {[%emt 0:00:59]} Rxd1+ {[%emt 0:00:14]} 32. Rxd1 {[%emt 0:00:11]} Bxb4 {[%emt 0:00:03]} 33. Be7 {[%emt 0:00:09]} Rc8 {[%emt 0:00:11]} 34. g3 {[%emt 0:00:41]} Bxc5 {[%emt 0:00:12]} 35. Bf6 {[%emt 0:00:35]} Bf8 {[%emt 0:00:19]} 36. Ra1 {[%emt 0:00:22]} Bg7 {[%emt 0:00:37]} 37. Bxg7 {[%emt 0:00:04]} Kxg7 {[%emt 0:00:02]} 38. Rxa6 {[%emt 0:00:03]} Kf6 {[%emt 0:00:03]} 39. Ra1 {[%emt 0:00:11]} Ke5 {[%emt 0:00:03]} 40. Rc1 {[%emt 0:00:04]} f5 {[%emt 0:00:03]} 41. Kf1 {[%emt 0:00:06]} Kd4 {[%emt 0:00:02]} 42. Ke2 {[%emt 0:00:06]} e5 {[%emt 0:00:04]} 43. Kd2 {[%emt 0:00:11]} Rd8 {[%emt 0:00:08]} 44. Ke2 {[%emt 0:00:14]} Kc5 {[%emt 0:00:04]} 45. f3 {[%emt 0:00:08]} Rd3 {[%emt 0:00:07]} 46. h4 {[%emt 0:00:36]} Kd4 {[%emt 0:00:04]} 47. f4 {[%emt 0:00:29]} exf4 {[%emt 0:00:14]} 48. gxf4 {[%emt 0:00:07]} Rh3 {[%emt 0:00:12]} 49. Rd1+ {[%emt 0:00:05]} Kc5 {[%emt 0:00:05]} 50. Rc1 {[%emt 0:00:08]} Rxh4 {[%emt 0:00:06]} 51. Ke3 {[%emt 0:00:09]} Rh3+ {[%emt 0:00:02]} 52. Kd2 {[%emt 0:00:03]} Rf3 {[%emt 0:00:03]} 53. Kc2 {[%emt 0:00:17]} Rxf4 {[%emt 0:00:06]} 54. Re1 {[%emt 0:00:13]} g5 {[%emt 0:00:04]} 55. Re5+ {[%emt 0:00:02]} Kd4 {[%emt 0:00:02]} 56. Re7 {[%emt 0:00:11]} g4 {[%emt 0:00:02]} 57. Rxh7 {[%emt 0:00:09]} g3 {[%emt 0:00:10]} 58. Rd7+ {[%emt 0:00:04]} Ke3 {[%emt 0:00:05]} 59. Re7+ {[%emt 0:00:03]} Kf3 {[%emt 0:00:02]} 60. Rg7 {[%emt 0:00:04]} g2 {[%emt 0:00:02]} 61. Kc3 {[%emt 0:00:05]} Rg4 {[%emt 0:00:03]} 62. Rxg4 {[%emt 0:00:32]} fxg4 {[%emt 0:00:05]} 63. Kxc4 {[%emt 0:00:05]} g1=Q {[%emt 0:00:04]} 64. Kd5 {[%emt 0:00:03]} Qe1 {[%emt 0:00:03]} 65. Kc5 {[%emt 0:00:08]} Qd2 {[%emt 0:00:01]} 66. Kc4 {[%emt 0:00:05]} Ke4 {[%emt 0:00:02]} 67. Kb5 {[%emt 0:00:02]} Qc3 {[%emt 0:00:02]} 68. Kb6 {[%emt 0:00:02]} Kd5 {[%emt 0:00:02]} 0-1

[Event "African Online-ch Women 2021"]
[Site "Online"]
[Date "2021.02.01"]
[Round "3.1"]
[White "Moaataz, Ayah"]
[Black "Wafa, Shahenda"]
[Result "1/2-1/2"]
[WhiteElo "2028"]
[BlackElo "2143"]
[Annotator "TA"]
[PlyCount "136"]
[EventDate "2021.02.01"]
[EventType "swiss"]
[EventCountry "NET"]
[SourceTitle "playchess.com"]
[Source "ChessBase"]
[SourceQuality "1"]

{[%evp 9,136,6,18,16,52,63,53,60,56,41,51,41,44,54,46,44,82,43,97,100,123,39,35,35,55,-12,105,-8,138,0,7,14,107,96,105,113,323,298,408,413,408,401,411,248,293,294,286,290,268,186,176,134,181,74,203,70,148,94,112,81,89,103,89,81,196,195,212,218,229,232,233,200,200,200,171,156,255,247,265,265,389,311,291,272,366,383,395,380,369,357,342,316,324,316,327,22,22,22,22,15,15,14,14,14,16,16,16,16,16,14,16,16,16,15,15,15,15,15,15,0,16,15,15,15,15,8,8,8,0]} 1. c4 f5 2. g3 Nf6 3. Bg2 g6 4. Nc3 Bg7 5. d3 O-O 6. e4 {A10: English Opening: Unusual Replies for Black.} e5 7. exf5 gxf5 8. Bg5 {White is slightly better.} c6 9. Qd2 d6 10. Nge2 Be6 11. b3 {[#]} Nbd7 $146 ({Predecessor:} 11... d5 12. cxd5 cxd5 13. d4 e4 14. Rc1 Na6 15. Nb5 Qb6 16. Nf4 Rfe8 17. Nc3 Qd6 {½-½ (33) Weber,M (2027)-Kessler,P (1744) Bad Homburg 2005}) 12. d4 Qa5 13. O-O Rae8 (13... Bf7 $1 $14) 14. Rad1 $16 Qc7 15. Rfe1 (15. d5 $16 cxd5 16. Bxd5 (16. Nxd5 Nxd5 17. Bxd5 Nf6 $16) (16. cxd5 Bf7 $11)) 15... Bf7 $14 16. Bh6 Qd8 17. c5 (17. h3 $14) 17... d5 (17... Bxh6 $11 18. Qxh6 d5) 18. dxe5 (18. Qg5 Nh5 $11) ({White should try} 18. Bxg7 $1 $16 Kxg7 19. dxe5 Nxe5 20. Nd4) 18... Nxe5 (18... Ne4 $11 19. Nxe4 Bxh6 20. Qxh6 fxe4) 19. Nd4 (19. Qg5 $6 Bg6 $11) (19. Bxg7 $16 Kxg7 20. Nd4) 19... Bxh6 $11 20. Qxh6 $40 {[%mdl 128] White mounts an attack.} Nfg4 (20... Bg6 $1 $11 {remains equal.}) 21. Qd2 $16 f4 22. gxf4 Qh4 $2 23. h3 $1 $18 (23. fxe5 Qxh2+ 24. Kf1 Bg6 $11) 23... Bg6 24. hxg4 ({Not} 24. Rxe5 Nxe5 25. fxe5 Bh5 $16) (24. fxe5 Nxf2 25. Qe3 Nxd1 $14) 24... Nxg4 25. Nf3 Qh6 26. f5 Rxe1+ 27. Rxe1 ({Stronger than} 27. Nxe1 Qh2+ 28. Kf1 Rxf5 $11) ({Resist} 27. Qxe1 Bxf5 28. Qe7 Rf7 $18) 27... Qxd2 28. Nxd2 Rxf5 29. Bf3 Ne5 30. Kg2 Rg5+ 31. Kh1 (31. Kf1 $18) 31... Nd3 {[#]} (31... Rf5 $16) 32. Re2 ({Better is} 32. Re7 $1 $18) 32... Nxc5 (32... Kf7 $14) 33. Bg2 (33. Re7 $142) 33... Bh5 34. Re7 Nd3 35. Rxb7 Nxf2+ {[#]} 36. Kg1 $1 {[%cal Rg1f2]} Nh3+ (36... Nd3 $16) 37. Kh2 Nf4 38. Bf1 a5 39. Rc7 Be8 40. Ne2 Nxe2 41. Bxe2 Re5 42. Bf3 Re6 (42... Re3 $16 {might work better.} 43. Kg3 Rd3) 43. Kg3 Kf8 44. Rxh7 Rg6+ (44... Re7 $142) 45. Kf2 Bf7 46. Rh8+ Ke7 47. Ra8 Kd6 48. Rxa5 Rh6 49. Ra7 Be6 50. Rg7 Kc5 51. a4 Rh2+ 52. Rg2 $2 (52. Ke1 $18) 52... Rxg2+ $1 $11 {The position is equal.} 53. Bxg2 {Ke3 is the strong threat.} Kb4 54. Ke2 c5 55. Kd3 c4+ 56. Kc2 cxb3+ 57. Nxb3 {And now a5 would win.} Bf5+ 58. Kb2 {Black must now prevent a5.} Kxa4 59. Bxd5 Bg4 60. Kc3 Kb5 61. Nd4+ Kc5 62. Ba8 Bd7 63. Nb3+ Kb5 64. Bd5 Bg4 65. Bc4+ Kc6 66. Kd4 Kd6 67. Bd5 Be6 68. Bxe6 Kxe6 {Black escapes into a draw.  Weighted Error Value: White=0.37/Black=0.34} 1/2-1/2

[Event "African Online-ch Women 2021"]
[Site "Online"]
[Date "2021.02.01"]
[Round "3.2"]
[White "Mezioud, Amina"]
[Black "Charinda, Kudzanayi"]
[Result "1/2-1/2"]
[WhiteElo "2071"]
[BlackElo "1710"]
[Annotator "TA"]
[PlyCount "174"]
[EventDate "2021.02.01"]
[EventType "swiss"]
[EventCountry "NET"]
[SourceTitle "playchess.com"]
[Source "ChessBase"]
[SourceQuality "1"]

{[%evp 20,174,0,0,17,-8,-2,-7,-4,-10,-4,-58,-3,0,-13,-16,-8,-37,0,0,0,-22,-14,-14,-11,-17,-13,-25,-10,-32,-29,-16,0,0,0,-31,-4,-6,-5,-6,-4,-7,-6,-24,0,-14,0,-6,5,0,0,-15,12,12,12,0,0,0,0,0,0,-8,-8,-8,-8,-8,-8,-8,-8,-8,0,-9,0,-8,0,-8,0,0,0,0,0,0,0,0,29,29,43,10,40,10,10,10,29,29,29,0,0,0,0,0,0,0,0,0,0,0,0,0,0,0,0,0,0,0,0,0,0,0,0,0,0,0,0,0,0,0,0,0,0,0,0,0,0,0,0,0,0,0,0,0,0,0,0,0,0,0,0,0,0,0,0,0,0,0,0,0,0]} 1. e4 c5 2. Nf3 d6 3. d4 cxd4 4. Nxd4 Nf6 5. Nc3 a6 6. Be2 e5 7. Nf3 Be7 8. O-O O-O 9. Be3 Ng4 10. Bc1 Nf6 11. a4 {11.Nd5 is a critical line.} Nc6 {B92: Sicilian Najdorf: 6 Be2.} 12. h3 Be6 13. Bg5 Rc8 14. Qd2 {[#]} Qc7 $146 ({Predecessor:} 14... Qb6 15. Be3 Qc7 16. Rfd1 Rfd8 17. Nd5 Bxd5 18. exd5 Na5 19. Qb4 Nc4 20. Bxc4 Qxc4 21. Qxb7 Rd7 22. Qb6 Nxd5 {0-1 (71) Silini,J (1527)-Ostra,N (1618) Willingen 2017}) 15. Rac1 (15. Rfe1 $11) 15... Rfd8 (15... Nb4 $15) 16. Bxf6 $11 Bxf6 17. Nd5 Bxd5 18. exd5 (18. Qxd5 {with more complications.} Ne7 19. Qb3 d5 20. Bd3 d4 21. c3) 18... Nd4 19. Nxd4 exd4 20. Bg4 Rb8 21. Bf3 Re8 22. Rfe1 g6 23. Be4 Bg7 24. g4 Rbc8 25. Re2 Re7 26. Rce1 Rce8 27. Bg2 Kf8 (27... Rxe2 {is more complex.} 28. Rxe2 Rxe2 29. Qxe2 d3 30. Qxd3 Bxb2 31. Bf1 Qc5) 28. Rxe7 Rxe7 29. Rxe7 Kxe7 30. Qe2+ Kf8 31. Qd2 Ke7 32. Bf3 Kf8 33. Kg2 Ke7 34. Qg5+ Kf8 35. Be4 Qe7 (35... d3 {seems wilder.} 36. c3 Be5 37. Qh6+ Kg8 38. Qd2 Qc4) 36. Qxe7+ Kxe7 {[%mdl 4096] Endgame KB-KB} 37. f4 d3 38. c3 d2 39. Bc2 b5 40. axb5 axb5 41. Kf3 b4 $1 42. cxb4 Bxb2 43. Ke2 Bc3 44. b5 Ba5 45. Kd3 h6 46. Bd1 f6 47. Ke4 Bb6 48. Be2 Bc7 49. h4 Kf7 50. Kd4 Bb6+ 51. Kc4 f5 52. gxf5 gxf5 53. Bh5+ Kf6 54. Bd1 Ke7 55. Kd3 Ba5 56. Bc2 Kf6 57. Ke2 h5 {The position is equal.} 58. Bd1 Kg7 59. Kd3 Kh6 60. Kc4 Bb6 61. Kb4 Kg6 62. Kc3 Ba5+ 63. Kc4 Bb6 64. Kb4 Kh6 65. Bf3 Kg6 66. Kc4 Kh6 67. Kd3 Ba5 $1 68. Bd1 Kg6 69. Kc4 Bb6 70. Kc3 (70. Bf3 {keeps more tension.}) 70... Ba5+ $1 71. Kd3 Kh6 72. Ke3 Kg6 73. Kd4 (73. Be2 {looks sharper.} Kh6 74. Bd1) 73... Bb6+ 74. Kc4 Kh6 75. Kb4 Kg6 76. Be2 Kh6 77. Bf3 (77. Bd1 {feels hotter.}) 77... Kg6 78. Kc3 Ba5+ $1 79. Kc2 Kh6 $1 80. Kd1 Kg6 81. Be2 Kh6 $1 82. Bd3 Kg6 83. Bc2 Kf6 84. Ba4 Kg6 85. Ke2 Kf6 86. Bd1 Kg6 87. Kd3 Kh6 $1 {Weighted Error Value: White=0.09/Black=0.10} 1/2-1/2

[Event "African Online-ch Women 2021"]
[Site "Online"]
[Date "2021.02.01"]
[Round "3.3"]
[White "Miladi, Amen"]
[Black "Latreche, Sabrina"]
[Result "0-1"]
[WhiteElo "1802"]
[BlackElo "2076"]
[Annotator "TA"]
[PlyCount "132"]
[EventDate "2021.02.01"]
[EventType "swiss"]
[EventCountry "NET"]
[SourceTitle "playchess.com"]
[Source "ChessBase"]
[SourceQuality "1"]

{[%evp 16,132,11,0,36,41,30,37,55,14,9,8,27,35,30,28,46,-9,-9,0,0,0,0,-51,-41,-60,-61,-49,-32,-47,-37,-55,-20,-22,-23,-23,-20,-27,-9,-3,-4,-7,3,3,1,4,7,0,9,-10,-3,-7,13,13,16,7,28,24,31,22,54,37,50,19,83,61,117,139,167,165,149,131,171,174,349,337,329,283,428,462,566,0,0,0,0,40,46,0,0,0,365,0,0,-2333,-2123,-29983,-29984,-29985,-29986,-29986,-29987,-29987,-29988,-29986,-29987,-29988,-29989,-29989,-29990,-29990,-29990,-29993,-29992,-29996,-29992,-29996,-29997,-29998,-29998]} 1. e4 e5 2. Nf3 Nc6 3. Bc4 Bc5 4. c3 Nf6 5. d3 d6 6. Bb3 O-O 7. Nbd2 {[%cal Bb1d2,Bd2f1,Bf1g3][%mdl 32]} d5 8. O-O dxe4 9. dxe4 Bg4 {C55: Two Knights: 4 d3, 4 d4 exd4 5 e5 and Max Lange Attack.} 10. h3 Bh5 11. Re1 Re8 {White is slightly better.} 12. Nf1 Qxd1 13. Bxd1 Rad8 {[#]} 14. Bg5 $146 ({Predecessor:} 14. Ng3 Bg6 15. Bc2 Nh5 16. Nxh5 Bxh5 17. Be3 Bb6 18. Bxb6 axb6 19. Nh2 Rd2 20. Rac1 {0-1 (60) Thanarotrung,N-Kim,Y (1421) Tromsoe 2014}) 14... Rd6 15. Ng3 Bg6 16. Be3 ({White should try} 16. Bc2 $14) 16... Bxe3 $11 17. Rxe3 Red8 18. Ba4 Nd7 19. Ree1 (19. Bxc6 $11 bxc6 20. c4) 19... f6 $15 20. Rad1 Nc5 21. Rxd6 cxd6 (21... Rxd6 {feels hotter.} 22. Bc2 a5 23. Re2 Bf7 24. b3 Be6) 22. Bb5 Bf7 23. Nf5 Kf8 24. b4 Ne6 25. Rd1 g6 26. Nh6 ({But not} 26. Nxd6 $2 Ke7 $19) 26... Nf4 27. Nxf7 Kxf7 28. h4 a6 29. Bc4+ Ke7 30. g3 Ne6 31. Ne1 f5 32. f3 Rf8 33. Nc2 fxe4 34. fxe4 Rf3 35. Rd3 Rf8 36. Ne3 Nc7 37. a4 Nd8 38. Bb3 Nde6 39. Nc4 Rd8 (39... b5 $11 40. Na5 (40. Nxd6 $2 Rd8 $17) 40... Kd7) 40. Nb6 Ng7 (40... Rf8 $14) 41. Rf3 $16 {Black must now prevent Rf7+.} Nge6 {[#]} 42. Bd5 $1 Rb8 43. Kf2 h6 44. Ke3 Ne8 $2 (44... g5 45. hxg5 Nxg5) 45. Bxe6 $18 Kxe6 {[%mdl 4096] Endgame KRN-KRN} 46. Rf8 Rd8 (46... Ke7 $142) 47. Nd5 Rc8 48. Rxe8+ $2 ({White has to play} 48. Kd3 $18 {aiming for g4.} h5 49. c4) 48... Rxe8 {KR-KN} 49. Nc7+ {[%mdl 64] [#] Double Attack} Kd7 50. Nxe8 Kxe8 $11 {KP-KP} 51. Kd3 {Threatens to win with Kc4.} (51. a5 $5 {[%cal Re3d3]}) 51... Kd7 $1 52. Kc4 {Hoping for Kd5.} Ke6 $2 {[%mdl 8192]} (52... Kc6 $1 $11 {and Black is okay.}) 53. b5 $2 (53. a5 $18) 53... axb5+ {[%mdl 64] Overworked Piece} 54. Kxb5 $2 {[%mdl 8192]} (54. axb5 $11 g5 55. h5) 54... d5 $19 55. Kb6 dxe4 {Black mates.} 56. Kxb7 e3 57. a5 e2 58. a6 e1=Q {[%mdl 64] Double Attack} 59. a7 Qb1+ 60. Kc8 Qa2 61. Kb8 Qb3+ 62. Kc7 Qa4 63. Kb7 Qb5+ 64. Kc8 Qa6+ 65. Kb8 Qb6+ 66. Ka8 Kd7 {What a bad dream for White. Accuracy: White = 75%, Black = 68%.} 0-1